Az év szegedi sportolói
Elmentve itt :
| Dokumentumtípus: | Cikk |
|---|---|
| Megjelent: |
1968-12-31
|
| Sorozat: | Délmagyarország
58 No. 306 |
| Kulcsszavak: | Tégla Ferenc, Besze László, Miklós Ibolya, Szamosszegi Béláné, Tanács Antal, Zöllei István, Sportélet Szeged 1968, Kitüntetés Szeged 1968, sport |
| Online Access: | http://dmarchiv.bibl.u-szeged.hu/70095 |
| LEADER | 00539nab a2200145 i 4500 | ||
|---|---|---|---|
| 001 | delm70095 | ||
| 005 | 20180927153703.0 | ||
| 008 | 180927s1968 hu o 0|| hun d | ||
| 040 | |a SZTE Délmagyarország Archívum |b hun | ||
| 041 | |a hun | ||
| 245 | 0 | 3 | |a Az év szegedi sportolói |h [elektronikus dokumentum] |
| 260 | |c 1968-12-31 | ||
| 300 | |a 12 | ||
| 490 | 0 | |a Délmagyarország |v 58 No. 306 | |
| 695 | |a Tégla Ferenc, Besze László, Miklós Ibolya, Szamosszegi Béláné, Tanács Antal, Zöllei István, Sportélet Szeged 1968, Kitüntetés Szeged 1968, sport | ||